Οδηγός ανάλυσης δεδομένων με το SPSS 12.0
Αποθηκεύτηκε σε:
| Κύριος συγγραφέας: | |
|---|---|
| Μορφή: | Βιβλίο |
| Γλώσσα: | Greek English |
| Δημοσίευση: |
Αθήνα :
Κλειδάριθμος,
2005.
|
| Θέματα: | |
| Ετικέτες: |
Προσθήκη ετικέτας
Δεν υπάρχουν, Καταχωρήστε ετικέτα πρώτοι!
|
MARC
| LEADER | 00000cam a2200000 i 4500 | ||
|---|---|---|---|
| 001 | 1/29228 | ||
| 008 | 060511s2005 gr | ||| |||| ||gre|| | ||
| 020 | |a 9602098872 | ||
| 035 | |l 10083848 | ||
| 040 | |a GR-MyUa |b gre |e AACR2 | ||
| 041 | 1 | |a gre |h eng | |
| 082 | 7 | |a 005.55 |2 (22) | |
| 100 | 1 | |a Norusis, M. J. |q (Marija J.), |d 1948- | |
| 245 | 1 | 0 | |a Οδηγός ανάλυσης δεδομένων με το SPSS 12.0 / |c Marija J. Norusis ; μετάφραση Κωνσταντίνος Γ. Περάκης. |
| 260 | |a Αθήνα : |b Κλειδάριθμος, |c 2005. | ||
| 300 | |a 693 σ. : |b εικ. ; |c 24 εκ. + |e 1 οπτικός δίσκος λέϊζερ Η/Υ (4 3/4 ίν.) | ||
| 500 | |a Τίτλος πρωτοτύπου: SPSS 12.0 guide to data analysis. | ||
| 504 | |a Περιέχει βιβλιογραφία (σ. [679]-680) και ευρετήριο. | ||
| 630 | 0 | 0 | |a SPSS for Windows. |
| 630 | 0 | 0 | |a SPSS (Computer file) |
| 650 | 0 | |a Social sciences |x Computer programs. | |
| 650 | 0 | |a Social sciences |x Statistical methods |x Computer programs. | |
| 852 | |a INST |b LESVOS |e 20060511 |h 005.55 NOR |p 005100034952 |q 005100034952 |t BK |y 0 | ||
| 852 | |a INST |b LESVOS |e 20111213 |h 005.55 NOR |p 005100050881 |q 005100050881 |t BK |y 0 | ||
| 852 | |a INST |b LESVOS |e 20111213 |h 005.55 NOR |p 005100050884 |q 005100050884 |t BK |y 0 | ||
| 852 | |a INST |b LESVOS |e 20111116 |h 005.55 NOR |p 005100051012 |q 005100051012 |t BK |y 0 | ||
| 852 | |a INST |b LESVOS |e 20060511 |h 005.55 NOR |p 005100034953 |q 005100034953 |t BK |y 0 | ||
| 852 | |a INST |b LESVOS |e 20111213 |h 005.55 NOR |p 005100050882 |q 005100050882 |t BK |y 0 | ||
| 852 | |a INST |b LESVOS |e 20111213 |h 005.55 NOR |p 005100050883 |q 005100050883 |t BK |y 0 | ||
| 852 | |a INST |b LESVOS |e 20111116 |h 005.55 NOR |p 005100051013 |q 005100051013 |t BK |y 0 | ||
| 901 | |a BIBL1-2006-2 | ||
| 901 | |a BIBL1-2011-3 | ||
| 920 | |a ΕΥΔΟΞΟΣ |y Λέσβος |z 2011-11 | ||
| 970 | |a ΚΑΡΑ |b ΓΙΑΣΕΜΗ |z 2006/05/11 | ||